000 00879cam a2200277 a 4500
001 49552
003 BD-RjUL
005 20211209054708.0
008 160821s1999 ii b 001 0 eng
020 _a8170367433
035 _a(BD-RjUL)49671
040 _aDLC
_cDLC
_dDLC
_beng
041 _aeng
082 0 0 _a179.76
_223
_bABO 1999
245 0 0 _aAbortion in the developing world /
_ceditors, Axel I. Mundigo, Cynthia Indriso.
260 _aNew Delhi :
_bVistaar Publications,
_c1999.
300 _a498 p. ;
_c25 cm.
500 _a"World Health Organization."
504 _aIncludes bibliographical references and index.
650 0 _aAbortion
_zDeveloping countries.
_9148629
700 1 _aMundigo, Axel I.,
_d1935-
_9148630
700 1 _aIndriso, Cynthia.
_9148631
710 2 _aWorld Health Organization.
_9148632
942 _2ddc
_cBK
999 _c49552
_d49552